Statistics for USA 2021 Year in Review

Click here to take the quiz!

General Stats

  • This quiz has been taken 648 times
    (96 since last reset)
  • The average score is 17 of 29

Answer Stats

HintAnswer% Correct
This former Vice President was inaugurated on January 20thJoe Biden
98%
This US building was stormed on January 6th for a pro-Trump riotThe Capitol Building
90%
On Novmber 19th, Biden temporarily transfered power to the vice president while he was under anesthesia for a routine colonoscopy. This woman becomes the first female to hold presidential powerKamala Harris
89%
This famous actress, just 17 days away from turning 100, dies of natural causes on December 31stBetty White
85%
The FDA allows the Pfizer COVID vaccine to be issued to children as young as this on October 29th5
83%
This COVID-19 variant is first found in California on December 1stOmicron Variant
80%
Joe Biden establishes June 19th as this national holidayJuneteenth
80%
The FDA grants use of a COVID-19 booster shot from this pharmaceutical company on September 22ndPfizer
80%
This company's vaccine is issued on February 26th but only to be recalled on April 13thJohnson & Johnson
78%
This billionaire visits space for 11 minutes funded by his space company, Blue Origin, on July 20thJeff Bezos
75%
This Texas Senator is seen flying to Cancun during heavy snow storms on February in Texas on February 15thTed Cruz
75%
On October 28th, Mark Zuckerberg announces that Facebook will change its corporate name to thisMeta
74%
This world-renowned gymnast pulls out of Olympic competitions to focus on mental health on July 28thSimone Biles
70%
On February 7th, this NFL team, led by Tom Brady, won its second ever Super BowlTampa Bay Buccaneers
69%
On April 20th, this Minnesota police officer is found guilty of all three charges for the killing of George FloydDerek Chauvin
61%
This legendary NFL coach and broadcaster dies at 85 on December 28thJohn Madden
53%
This company's Crew Dragon capsule returns from space which marks the longest time for humans to be in space on November 9thSpaceX
53%
This teenager is found not guilty after shooting three people in Kenosha, Wisconsin on November 19thKyle Rittenhouse
53%
On June 21th, The Supreme Court rules against this association to allow student athletes to accept education-related paymentsNCAA
52%
This Greek NBA player leads the Bucks to their second only NBA Championship on July 20thGiannis Antetokounmpo
47%
On November 2nd, this southern MLB team wins their fourth World SeriesAtlanta Braves
47%
On June 24th, this number of story building collapses in South Florida, killing 98 people13
45%
This ninety-year-old actor who portrayed Captain Kirk on Star Trek becomes the oldest person to fly in space on October 13thWilliam Shatner
40%
An explosion takes place outside of this city's airport, killing dozens of people on August 26thKabul
34%
This NFL player is the first active to publicly come out as gay on June 21stCarl Nassib
16%
This Category 4 hurricane sweeps through the Gulf of Mexico in late August, destroying many businesses and homesHurricane Ida
14%
This woman becomes the first female governor of New York on August 24thKathy Hochul
13%
More than 60 people are injured in this Wisconsin city when an SUV plowed through a local Christmas parade on November 21stWaukesha
13%
This NASA rover lands on Mars on February 18thPerseverance
11%

Score Distribution

Percentile by Number Answered

Percent of People with Each Score

Your Score History

You have not taken this quiz since the last reset